| 000 | 00980nam a2200253 4500 | ||
|---|---|---|---|
| 999 |
_c64207 _d64207 |
||
| 005 | 20240530110720.0 | ||
| 008 | 180321s2016 ua aj g b 000 0 ara d | ||
| 017 |
_a2015 / 23225 _bمصر. دار الكتب |
||
| 020 | _a9789773804732 | ||
| 040 |
_aEG-CaGPL _cEG-CaGPL |
||
| 082 | 0 | 4 |
_221 _a371.358 \ _bر م |
| 100 | 0 | _aرضوان عبد النعيم | |
| 245 | 1 | 2 |
_aالمنصات التعليمية : _bالمقررات التعليمية المتاحة عبر الانترنت / _cرضوان عبد النعيم |
| 250 | _aط. 1 | ||
| 260 |
_aالقاهرة : _bدار العلوم للنشر والتوزيع ، _c2016 |
||
| 300 |
_a183 ص. ؛ _c24 سم |
||
| 504 | _aببليوجرافية : ص 175 : 176 | ||
| 650 | 0 | 7 |
_2qrmak _aالتعليم الالكتروني |
| 650 | 0 | 7 |
_2qrmak _aالتعليم _xطرق التدريس |
| 650 | 0 | 7 |
_2qrmak _aالتعليم عن بعد |
| 651 | _2qrmak | ||
| 942 |
_2ddc _cBK |
||